Comedias en Madrid, 1603-1709 (Record no. 188992)
[ view plain ]
| 000 -LEADER | |
|---|---|
| campo de control de longitud fija | 00785nam a2200217 i 4500 |
| 001 - NÚMERO DE CONTROL | |
| campo de control | 188992 |
| 003 - IDENTIFICADOR DE NÚMERO DE CONTROL | |
| campo de control | ES-MaACL |
| 005 - FECHA Y HORA DE LA ÚLTIMA TRANSACCIÓN | |
| campo de control | 20251003163252.0 |
| 007 - CAMPO FIJO DE DESCRIPCIÓN FÍSICA--INFORMACIÓN GENERAL | |
| campo de control de longitud fija | t| |
| 008 - DATOS DE LONGITUD FIJA--INFORMACIÓN GENERAL | |
| campo de control de longitud fija | 190311s1989 sp ||||1| spa d |
| 245 00 - MENCIÓN DEL TÍTULO | |
| Título | Comedias en Madrid, 1603-1709 |
| Resto del título | : repertorio y estudio bibliográfico / |
| Mención de responsabilidad, etc. | J.E. Varey y N.D. Shergold, con la colaboración de Charles Davis. |
| 260 ## - PUBLICACIÓN, DISTRIBUCIÓN, ETC. | |
| Lugar de publicación, distribución, etc. | London : |
| Nombre del editor, distribuidor, etc. | Tamesis Books, |
| Fecha de publicación, distribución, etc. | [1989] |
| 300 ## - DESCRIPCIÓN FÍSICA | |
| Extensión | 251 p. ; |
| Dimensiones | 24 cm. |
| 490 1# - MENCIÓN DE SERIE | |
| Mención de serie | Fuentes para la historia del teatro en España ; |
| Designación de volumen o secuencia | 9 |
| 650 #4 - PUNTO DE ACCESO ADICIONAL DE MATERIA--TÉRMINO DE MATERIA | |
| Término de materia o nombre geográfico como elemento de entrada | Teatro- |
| Subdivisión geográfica | Madrid- |
| Subdivisión cronológica | S.XVII. |
| 9 (RLIN) | 166595 |
| 700 0# - ENTRADA AGREGADA--NOMBRE PERSONAL | |
| Nombre de persona | Shergold, N. D. |
| 9 (RLIN) | 106096 |
| 700 1# - ENTRADA AGREGADA--NOMBRE PERSONAL | |
| Nombre de persona | Davis, Charles, |
| Fechas asociadas al nombre | 1956- |
| 9 (RLIN) | 166598 |
| 830 0# - PUNTO DE ACCESO ADICIONAL DE SERIE-TÍTULO UNIFORME | |
| Título uniforme | Fuentes para la historia del teatro en España ; |
| Designación de volumen o secuencia | 9 |
| 9 (RLIN) | 187314 |
| 852 ## - LOCALIZACIÓN | |
| Ubicación | ES-MaACL |
| Número de control de estantería | P-564-8 |
| Estatus retirado | Estado de pérdida | Estado de daño | No para préstamo | Biblioteca de origen | Biblioteca actual | Ubicación en estantería | Fecha de adquisición | Fuente de adquisición | Total de préstamos | Signatura topográfica completa | Código de barras | Visto por última vez | Precio de reemplazo | Tipo de ítem Koha |
|---|---|---|---|---|---|---|---|---|---|---|---|---|---|---|
| Biblioteca del Ateneo de Madrid | Biblioteca del Ateneo de Madrid | Depósito 2 | 11/03/2019 | P-564-8 | 1200147 | 23/02/2023 | 23/02/2023 | Libro impreso |
